[Event "Saint-Lô Open Jeunes -2000"]
[Site "?"]
[Date "2014.07.13"]
[Round "8.2"]
[White "Roque, Gaëtan"]
[Black "Bouvet, Florian"]
[Result "0-1"]
[WhiteElo "1925"]
[BlackElo "1854"]
[PlyCount "100"]
[EventDate "2014.07.05"]
[SourceDate "2014.07.06"]

1. d4 Nf6 2. Nf3 e6 3. e3 b6 4. Bd3 Bb7 5. Nbd2 c5 6. b3 d5 7. Bb2 Be7 8. O-O
O-O 9. Ne5 Nbd7 10. f4 Ne4 11. Bb5 Nxe5 12. fxe5 Nxd2 13. Qxd2 Bg5 14. Qe2 a6
15. Bd3 Rc8 16. Rfe1 c4 17. bxc4 dxc4 18. Bxc4 Bxe3+ 19. Qxe3 Rxc4 20. Re2 Qd5
21. Rf1 Rfc8 22. Qf2 R8c7 23. c3 a5 24. Re3 b5 25. Rg3 Qd8 26. Bc1 Be4 27. Bh6
Bg6 28. Bg5 Qd5 29. Bd2 Ra4 30. h4 Rxa2 31. Rg5 h6 32. Rg3 b4 33. h5 Bxh5 34.
Qe1 Bg6 35. cxb4 Rcc2 36. Rf2 Qxd4 37. Be3 Qxb4 38. Qxb4 axb4 39. Rxc2 Rxc2 40.
Bb6 Rc3 41. Rxc3 bxc3 42. Bd4 c2 43. Bb2 Be4 44. Kf2 h5 45. g3 Kh7 46. Ke3 Bf5
47. Kf4 Kg6 48. Ba3 f6 49. Bb2 fxe5+ 50. Kxe5 Kg5 0-1

[Event "Saint-Lô Open Jeunes -2000"]
[Site "?"]
[Date "2014.07.13"]
[Round "9.4"]
[White "Trost, Martin"]
[Black "Gora, Antonina"]
[Result "0-1"]
[WhiteElo "1838"]
[BlackElo "1832"]
[PlyCount "108"]
[EventDate "2014.07.05"]
[SourceDate "2014.07.06"]

1. e4 c5 2. Nc3 d6 3. f4 a6 4. a4 Nc6 5. Bc4 e6 6. Nf3 Nf6 7. d3 Be7 8. O-O d5
9. Bb3 O-O 10. Qe1 Rb8 11. f5 d4 12. Ne2 exf5 13. exf5 Bxf5 14. Nf4 Bd6 15. Nh4
Bd7 16. Nd5 Nxd5 17. Bxd5 Qc7 18. Nf3 Nb4 19. Bb3 b5 20. axb5 axb5 21. Ng5 c4
22. dxc4 bxc4 23. Qh4 h6 24. Ne4 cxb3 25. Bxh6 Bxh2+ 26. Kh1 f5 27. Bxg7 Be5
28. Bxf8 Rxf8 29. Ng5 Kg7 30. Qh7+ Kf6 31. Qh6+ Ke7 32. Qh7+ Kd6 33. Qg6+ Kc5
34. Ne4+ Kd5 35. Nc3+ dxc3 36. Rfd1+ Bd4 37. Rxd4+ Kxd4 38. bxc3+ Kc4 39. cxb3+
Kxb3 40. Qg7 Qb8 41. Rb1+ Kc2 42. Rxb4 Rh8+ 43. Kg1 Qe8 44. Qg3 Qe2 45. Rf4
Qd1+ 46. Rf1 Rh1+ 47. Kxh1 Qxf1+ 48. Kh2 Qd3 49. Qc7 Be6 50. Qe5 Qe4 51. Qf6
Bd5 52. Qg7 Qh4+ 53. Kg1 Qg4 54. Qxg4 fxg4 0-1

[Event "Saint-Lô Open Jeunes -2000"]
[Site "?"]
[Date "2014.07.13"]
[Round "9.4"]
[White "Niepceron, Luc"]
[Black "De Feijter, Bas"]
[Result "1-0"]
[WhiteElo "1822"]
[BlackElo "1895"]
[PlyCount "81"]
[EventDate "2014.07.05"]
[SourceDate "2014.07.06"]

1. e4 c5 2. Nf3 e6 3. d4 cxd4 4. Nxd4 a6 5. Bd3 Qc7 6. O-O Nf6 7. Qe2 d6 8. c4
Nbd7 9. Nc3 g6 10. Nf3 Bg7 11. Rd1 O-O 12. h3 b6 13. Bc2 Bb7 14. Bf4 Ne5 15.
Nxe5 dxe5 16. Be3 Rac8 17. Bd3 Nd7 18. Rac1 f5 19. f3 Nc5 20. Bc2 Rfd8 21. b4
Nd7 22. Bb3 Kh8 23. Bf2 Bh6 24. Rc2 Nf6 25. Rxd8+ Rxd8 26. Na4 Nd7 27. c5 b5
28. Nc3 Nf6 29. Bxe6 fxe4 30. fxe4 Qe7 31. Bb3 Nh5 32. Nd5 Bxd5 33. exd5 Nf4
34. Qe4 Qg5 35. Kh2 Rf8 36. Bg3 Rf5 37. d6 Qf6 38. Qa8+ Bf8 39. d7 Nh5 40. d8=Q
Nxg3 41. Qxf6+ 1-0

[Event "Saint-Lô Open Jeunes -2000"]
[Site "?"]
[Date "2014.07.13"]
[Round "9.5"]
[White "Marie, Florian"]
[Black "Miroi, Robert-Andreï"]
[Result "1/2-1/2"]
[WhiteElo "1752"]
[BlackElo "1862"]
[PlyCount "42"]
[EventDate "2014.07.05"]
[SourceDate "2014.07.06"]

1. d4 d6 2. e3 e5 3. Bd3 f5 4. Ne2 Be6 5. Nd2 e4 6. Bc4 d5 7. Bb3 Bd6 8. c4 c6
9. cxd5 cxd5 10. Nf4 Bxf4 11. exf4 Nf6 12. O-O O-O 13. f3 Qb6 14. Nb1 Bf7 15.
Nc3 Na6 16. g4 Rad8 17. Be3 Rfe8 18. g5 exf3 19. Qxf3 Ng4 20. Bf2 Nb4 21. Rad1
Nxf2 1/2-1/2

[Event "Saint-Lô Open Jeunes -2000"]
[Site "?"]
[Date "2014.07.13"]
[Round "9.6"]
[White "Gagarin, Vasily"]
[Black "Guerlach, Keigo"]
[Result "1/2-1/2"]
[WhiteElo "1857"]
[BlackElo "1761"]
[PlyCount "114"]
[EventDate "2014.07.05"]
[SourceDate "2014.07.06"]

1. d4 g6 2. Nf3 Bg7 3. e3 d6 4. c4 Nf6 5. Nc3 Nbd7 6. Be2 O-O 7. O-O e5 8. b3
c6 9. Bb2 Qc7 10. dxe5 dxe5 11. Qc2 Re8 12. Rad1 Nc5 13. b4 Bf5 14. Qc1 Nce4
15. Nxe4 Nxe4 16. Nh4 Be6 17. a3 Rad8 18. Qc2 f5 19. Nf3 Bf7 20. Nd2 Nxd2 21.
Rxd2 Rxd2 22. Qxd2 Rd8 23. Qc2 Be6 24. Rd1 Rxd1+ 25. Qxd1 Qd7 26. Qc2 Kf8 27.
Bc3 e4 28. Kf1 Bxc3 29. Qxc3 Qg7 30. Qd4 Qxd4 31. exd4 Ke7 32. Ke1 Kd6 33. Kd2
Bd7 34. a4 b6 35. f3 exf3 36. Bxf3 Kc7 37. Ke3 g5 38. g3 a5 39. b5 cxb5 40.
axb5 Kd6 41. Bd1 h6 42. h4 Bc8 43. hxg5 hxg5 44. Bc2 Bd7 45. Bd3 Bc8 46. Kd2
Bd7 47. Kc3 Bc8 48. Kb3 Bd7 49. Ka4 Bc8 50. c5+ bxc5 51. dxc5+ Kxc5 52. Kxa5 f4
53. gxf4 gxf4 54. Be4 Bd7 55. b6 Bc6 56. b7 Bxb7 57. Bxb7 Kd4 1/2-1/2

[Event "Saint-Lô Open Jeunes -2000"]
[Site "?"]
[Date "2014.07.13"]
[Round "9.7"]
[White "Viel, Simon"]
[Black "Dill, Xavier"]
[Result "1-0"]
[WhiteElo "1723"]
[BlackElo "1820"]
[PlyCount "57"]
[EventDate "2014.07.05"]
[SourceDate "2014.07.06"]

1. e4 c5 2. Nf3 d6 3. d4 cxd4 4. Nxd4 Nf6 5. Nc3 a6 6. Bg5 e6 7. f4 Be7 8. Qf3
Qc7 9. g4 Nbd7 10. O-O-O b5 11. Bxf6 Nxf6 12. g5 Nd7 13. a3 Bb7 14. Bh3 Qa5 15.
Kb1 Rc8 16. f5 Ne5 17. Qg3 exf5 18. Nxf5 Rxc3 19. Qxc3 Qxc3 20. bxc3 Bxe4 21.
Nxd6+ Bxd6 22. Rhe1 O-O 23. Rxd6 Nc4 24. Rxa6 Bg6 25. Kc1 h6 26. gxh6 gxh6 27.
Bd7 Rd8 28. Bxb5 Rd2 29. Rxg6+ 1-0

[Event "Saint-Lô Open Jeunes -2000"]
[Site "?"]
[Date "2014.07.13"]
[Round "9.8"]
[White "Khodarchenko, Vasily"]
[Black "Dory, Manon"]
[Result "1/2-1/2"]
[WhiteElo "1803"]
[BlackElo "1653"]
[PlyCount "109"]
[EventDate "2014.07.05"]
[SourceDate "2014.07.06"]

1. e4 c6 2. d4 d5 3. exd5 cxd5 4. Bd3 Nc6 5. c3 Nf6 6. Nf3 Bg4 7. Bf4 e6 8. Qb3
Qc8 9. Ne5 Bh5 10. Qa4 a6 11. Nxc6 bxc6 12. Nd2 Be7 13. Nb3 O-O 14. O-O Nd7 15.
Na5 c5 16. Nc6 Re8 17. Nxe7+ Rxe7 18. Bd6 Re8 19. Qc2 h6 20. dxc5 Nxc5 21. Bxc5
Qxc5 22. h3 f6 23. Rfe1 e5 24. Bg6 Bxg6 25. Qxg6 Re7 26. Re3 d4 27. b4 Qc4 28.
Qd3 Rc8 29. cxd4 Qxd3 30. Rxd3 Rd7 31. Rad1 exd4 32. Rxd4 Rxd4 33. Rxd4 Rc1+
34. Kh2 Rc2 35. a4 Rxf2 36. Rd6 Rb2 37. Rb6 Rb3 38. h4 Kf7 39. g3 g6 40. Rxa6
Rxb4 41. a5 Ra4 42. Ra8 Ke6 43. a6 Kf5 44. Ra7 Kg4 45. Rg7 Ra2+ 46. Kg1 g5 47.
Rg6 Kxg3 48. Rxf6 Ra1+ 49. Rf1 Rxa6 50. hxg5 hxg5 51. Rb1 Ra2 52. Rb3+ Kh4 53.
Rb4+ g4 54. Rb3 g3 55. Rb8 1/2-1/2

[Event "Saint-Lô Open Jeunes -2000"]
[Site "?"]
[Date "2014.07.13"]
[Round "9.9"]
[White "Jamar, Vadim"]
[Black "Carlier, Nathan"]
[Result "1-0"]
[WhiteElo "1881"]
[BlackElo "1521"]
[PlyCount "59"]
[EventDate "2014.07.05"]
[SourceDate "2014.07.06"]

1. e4 e6 2. d4 d5 3. e5 c5 4. c3 Nc6 5. Nf3 Bd7 6. a3 Nge7 7. b4 cxd4 8. cxd4
Nf5 9. Be2 Be7 10. O-O Rc8 11. Bb2 Qb6 12. Kh1 g5 13. g4 Nh4 14. Nxh4 gxh4 15.
f4 Kd8 16. Bc3 Kc7 17. b5 Kb8 18. bxc6 Rxc6 19. Qd2 Rhc8 20. a4 a6 21. Bd3 Rxc3
22. Nxc3 Bb4 23. Rab1 Qxd4 24. Ne2 Qe4+ 25. Bxe4 Bxd2 26. Bd3 Ka7 27. Rb2 Be3
28. a5 Bc6 29. h3 d4+ 30. Kh2 1-0